[Event "ch-Africa 2025"]
[Site "Kerdasa EGY"]
[Date "2025.05.14"]
[Round "2.7"]
[White "El Ghazali, Youssef M."]
[Black "George Samir, David"]
[Result "0-1"]
[WhiteTitle "IM"]
[BlackTitle "FM"]
[WhiteElo "2149"]
[BlackElo "2346"]
[WhiteFideId "10600167"]
[BlackFideId "10657789"]
[EventDate "2025.05.13"]

1. c4 e5 2. g3 h5 3. h3 d5 4. cxd5 Nf6 5. Bg2 Nxd5 6. Nc3 Be6 7. Nf3 Nc6 8. d3
f6 9. O-O Qd7 10. Kh2 Nb6 11. Be3 O-O-O 12. Rc1 g5 13. Bxb6 cxb6 14. Qa4 Kb8 15.
e3 Nb4 16. Nb5 a6 17. Rc7 Qxb5 18. Rxb7+ Ka8 19. Qxb5 axb5 20. Rxb6 Bd5 21. a3
Nxd3 22. Rxb5 Ka7 23. Nd2 Bxg2 24. Kxg2 Be7 25. Nc4 Rd7 26. Ra5+ Kb7 27. Rb5+
Kc7 28. Kf3 Rb8 29. Rxb8 Kxb8 30. Ke4 Nc5+ 31. Kf5 e4 32. b4 Rd5+ 33. Kg6 Nd3
34. Kf7 Rd7 35. Ke6 Rc7 36. Nd2 Bd8 37. Nxe4 Re7+ 38. Kd5 Rd7+ 39. Ke6 Re7+ 40.
Kd5 Rd7+ 41. Kc4 Ne5+ 42. Kb3 Rd3+ 43. Nc3 g4 44. hxg4 Nxg4 45. a4 Bc7 46. Rd1
Nxf2 47. Rxd3 Nxd3 48. Ne4 Be5 49. Kc4 Nc1 50. Kd5 Ne2 51. Ke6 Nxg3 52. Nf2 Nf1
53. e4 Kb7 54. Kf5 Ng3+ 55. Kg6 h4 56. a5 Ka6 57. Kf7 Bd4 58. Nh3 Nxe4 0-1

[Event "ch-Africa 2025"]
[Site "Kerdasa EGY"]
[Date "2025.05.14"]
[Round "2.8"]
[White "Ezat, Mohamed"]
[Black "Abdel Moniem, Mohamed"]
[Result "1-0"]
[WhiteTitle "IM"]
[WhiteElo "2296"]
[BlackElo "2144"]
[WhiteFideId "10600906"]
[BlackFideId "10605924"]
[EventDate "2025.05.13"]

1. d4 d5 2. c4 e6 3. Nc3 Nf6 4. cxd5 exd5 5. Bg5 c6 6. Qc2 Nbd7 7. e3 Be7 8. Bd3
h6 9. Bh4 O-O 10. Nge2 Re8 11. O-O Nh5 12. Bxe7 Rxe7 13. b4 Nf8 14. b5 cxb5 15.
Nxb5 Bd7 16. Nbc3 Bc6 17. Bf5 Ne6 18. Rfd1 Nf6 19. h4 a6 20. g3 Nc7 21. Nf4 Nce8
22. Nd3 Bd7 23. Nc5 Bxf5 24. Qxf5 Nd6 25. Qf3 b6 26. N5a4 Nde4 27. Rac1 Re6 28.
Qe2 Qd6 29. Nxe4 Nxe4 30. Nc3 Nf6 31. a4 Qd7 32. Rc2 Rc6 33. Rdc1 Rac8 34. Na2
Rxc2 35. Rxc2 a5 36. Kg2 Rxc2 37. Qxc2 Ne4 38. Nc1 Nd6 39. Ne2 b5 40. Nc3 Qc6
41. Qb3 b4 42. Nxd5 Qc4 43. Qxc4 Nxc4 44. Kf3 b3 45. Ke2 Nb6 46. Nc3 b2 47. Kd3
Nxa4 48. Nb1 Nb6 49. Kc3 Nd5+ 50. Kxb2 f5 51. Kb3 Nb6 52. Nd2 Kf7 53. Nc4 a4+
54. Kb4 Nd5+ 55. Kxa4 Nc3+ 56. Kb3 Ne4 57. Ne5+ Ke6 58. Nd3 Kd5 59. Kc2 g5 60.
hxg5 hxg5 61. Kd1 Kc4 62. Ne5+ Kd5 63. Ke2 g4 64. Kf1 Ng5 65. Ke2 Ne4 66. f3
Nc3+ 67. Kd3 gxf3 68. Nxf3 Ne4 69. Nh4 Nxg3 70. Nxf5 Nxf5 71. e4+ Ke6 72. exf5+
Kxf5 73. Kc4 Ke6 74. Kc5 Kd7 75. Kd5 Kc7 76. Ke6 Kd8 77. d5 Ke8 78. d6 1-0

[Event "ch-Africa 2025"]
[Site "Kerdasa EGY"]
[Date "2025.05.14"]
[Round "2.9"]
[White "Nsubuga, Haruna"]
[Black "Kandil, Ahmed"]
[Result "1/2-1/2"]
[WhiteTitle "FM"]
[BlackTitle "FM"]
[WhiteElo "2137"]
[BlackElo "2289"]
[WhiteFideId "10000569"]
[BlackFideId "10628401"]
[EventDate "2025.05.13"]

1. d4 Nf6 2. Nf3 e6 3. Bf4 c5 4. e3 d5 5. c3 Bd6 6. Ne5 Qc7 7. Nd2 Nc6 8. Ndf3
Ne4 9. Bd3 f6 10. Nxc6 Bxf4 11. exf4 bxc6 12. g3 O-O 13. O-O cxd4 14. cxd4 c5
15. Rc1 Qd6 16. Qc2 cxd4 17. Nxd4 Ba6 18. f5 e5 19. Nc6 Bxd3 20. Qxd3 Kh8 21.
Rfd1 Qd7 22. Qxe4 Qxc6 23. Qxd5 Qb6 24. b3 Rad8 25. Qe6 Qb7 26. a3 h5 27. h4 Kh7
28. Re1 Rd3 29. a4 Rfd8 30. b4 Qxb4 31. Qf7 Qg4 32. Rc7 R8d4 33. Qg6+ Qxg6 34.
fxg6+ Kxg6 35. Rb1 Rxa4 36. Rbb7 a5 37. Rxg7+ Kf5 38. Kg2 Ra2 39. Rb1 Rdd2 40.
Rf1 a4 41. g4+ hxg4 42. h5 Rd3 43. h6 Rh3 44. h7 a3 45. Rc1 Rb2 46. Rc6 a2 47.
Ra6 e4 48. Ra5+ Ke6 49. Rxg4 Rxh7 50. Rxe4+ Kd6 51. Rea4 Rg7+ 52. Kf3 Rb3+ 53.
Kf4 Rgb7 54. Rxa2 Ke6 55. Re2+ Kf7 56. Kg4 Kg6 57. f4 Rg7 58. Re6 Rb4 59. Rc6
Rbb7 60. Rf5 Kf7+ 61. Kf3 Rg6 62. Rfc5 Rg1 63. f5 Kg7 64. Rc7+ Rxc7 65. Rxc7+
Kh6 66. Rf7 Rf1+ 67. Ke4 Re1+ 68. Kf4 Rf1+ 69. Kg4 Rg1+ 70. Kf3 Rf1+ 71. Kg4
Rg1+ 72. Kh3 Rf1 73. Rxf6+ Kg5 74. Rf8 Rxf5 75. Rxf5+ Kxf5 1/2-1/2

[Event "ch-Africa 2025"]
[Site "Kerdasa EGY"]
[Date "2025.05.14"]
[Round "2.10"]
[White "Kandil, Adham"]
[Black "Boulrens, Ala Eddine"]
[Result "1/2-1/2"]
[WhiteTitle "IM"]
[WhiteElo "2265"]
[BlackElo "2136"]
[WhiteFideId "10618490"]
[BlackFideId "7907559"]
[EventDate "2025.05.13"]

1. e4 c6 2. d4 d5 3. e5 Bf5 4. Nd2 e6 5. Nb3 Nd7 6. Nf3 Ne7 7. Be2 Qc7 8. O-O c5
9. Nxc5 Nxc5 10. dxc5 Nc6 11. Be3 Bg4 12. c4 dxc4 13. Qa4 Be7 14. Qxc4 Bxf3 15.
Bxf3 Qxe5 16. Qb5 Qc7 17. Bf4 Qc8 18. Bd6 Bxd6 19. cxd6 Qd7 20. Rac1 Rc8 21.
Rfd1 O-O 22. h4 Rfd8 23. h5 h6 24. Rc3 a6 25. Qb6 Ne5 26. Bxb7 Rb8 27. Rc7 Qa4
28. Qd4 Qb5 29. a4 Qb3 30. Rd2 f6 31. Bxa6 Rb4 32. Qa7 Rg4 33. Be2 Rg5 34. f4
Qg3 35. fxg5 Nf3+ 1/2-1/2

[Event "ch-Africa 2025"]
[Site "Kerdasa EGY"]
[Date "2025.05.14"]
[Round "2.11"]
[White "Simpson, Michael"]
[Black "Ashraf, Shereif"]
[Result "1-0"]
[WhiteTitle "FM"]
[BlackTitle "FM"]
[WhiteElo "2108"]
[BlackElo "2264"]
[WhiteFideId "14338882"]
[BlackFideId "10618260"]
[EventDate "2025.05.13"]

1. e4 c5 2. Nf3 d6 3. d4 cxd4 4. Nxd4 Nf6 5. Nc3 a6 6. h3 e5 7. Nde2 h5 8. g3
Be7 9. Bg2 b5 10. Nd5 Nxd5 11. Qxd5 Ra7 12. Be3 Rb7 13. g4 h4 14. O-O Nd7 15.
Qd2 Rc7 16. a4 bxa4 17. Nc3 Bb7 18. Rxa4 O-O 19. Nd5 Bxd5 20. exd5 Qc8 21. c3
Nc5 22. Bxc5 Rxc5 23. Rfa1 f5 24. gxf5 Qxf5 25. Rg4 a5 26. Be4 Qf6 27. b4 axb4
28. cxb4 Rc7 29. Ra3 Kh8 30. Rg6 Qf4 31. Qe2 Kg8 32. Kg2 Rf6 33. Rg4 Qh6 34. Rf3
Bd8 35. Bf5 Kf8 36. Bg6 Kg8 37. Qb5 Qxg6 38. Rxg6 Rxg6+ 39. Kh2 Re7 40. Qb8 Re8
41. Rf5 e4 42. Qc8 Rf6 43. Rxf6 1-0

[Event "ch-Africa 2025"]
[Site "Kerdasa EGY"]
[Date "2025.05.14"]
[Round "2.12"]
[White "Yousry, Salah"]
[Black "Abdallah, Mohamed Khalil"]
[Result "1/2-1/2"]
[WhiteTitle "FM"]
[BlackTitle "CM"]
[WhiteElo "2256"]
[BlackElo "2123"]
[WhiteFideId "10601120"]
[BlackFideId "5529506"]
[EventDate "2025.05.13"]

1. e4 c5 2. Nf3 d6 3. d4 cxd4 4. Qxd4 Nc6 5. Bb5 Bd7 6. Bxc6 bxc6 7. e5 d5 8.
Be3 e6 9. Qc3 c5 10. Bxc5 Rc8 11. b4 Bxc5 12. bxc5 Qc7 13. Nbd2 Qxc5 14. Qxc5
Rxc5 15. Nd4 f6 16. N2f3 Rc4 17. c3 Ne7 18. Rb1 Rxc3 19. O-O O-O 20. Rb7 Rd8 21.
Nxe6 Bxe6 22. Rxe7 Bg4 23. e6 Kf8 24. Rf7+ Kg8 25. Rxa7 Bxe6 26. Nd4 Bd7 27. Rd1
Rc4 28. f3 h5 29. Rd2 h4 30. Kf2 Bc8 31. g3 hxg3+ 32. hxg3 Bd7 33. Ne2 Be8 34.
Nd4 Bd7 35. g4 g6 36. Kg3 Be8 37. Ne6 Rd7 38. Ra8 Kf7 39. Nf4 g5 40. Nxd5 Rc5
41. Rxe8 Rcxd5 42. Rxd5 Rxd5 43. Ra8 Rd2 44. Ra3 Kg6 45. f4 gxf4+ 46. Kxf4 Rd4+
47. Kf3 Rd2 48. Ra5 Rc2 49. a4 Rc3+ 50. Kf4 Rc4+ 51. Kg3 Rc3+ 52. Kh4 Ra3 53.
Ra7 Kh6 54. a5 Kg6 55. Ra8 Kh6 56. Rh8+ Kg7 57. Rh5 Kf7 58. Rf5 Kg6 59. Rc5 Kh6
60. Rb5 Kg7 61. g5 Ra4+ 62. Kh5 fxg5 63. Kxg5 Kf7 64. Re5 Ra1 65. Kf5 Ra2 66.
Rd5 Ke7 67. Ke5 Re2+ 68. Kf5 Ra2 69. Ke4 Ke6 70. Rh5 Kd6 71. Kd4 Kc6 72. Kc4 Kb7 1/2-1/2

[Event "ch-Africa 2025"]
[Site "Kerdasa EGY"]
[Date "2025.05.14"]
[Round "2.13"]
[White "Musonda Chola"]
[Black "Hossam Mohamed, Adham"]
[Result "1-0"]
[WhiteTitle "FM"]
[BlackTitle "CM"]
[WhiteElo "2127"]
[BlackElo "2014"]
[WhiteFideId "8706050"]
[BlackFideId "10669671"]
[EventDate "2025.05.13"]

1. e4 e6 2. e5 d5 3. exd6 Bxd6 4. d4 Nf6 5. Nf3 O-O 6. Bd3 c5 7. dxc5 Bxc5 8.
O-O b6 9. Qe2 Bb7 10. Nc3 Nbd7 11. Bg5 Qc7 12. Rad1 h6 13. Bh4 Qf4 14. Bg3 Qb4
15. a3 Bxf3 16. Qxf3 Qxb2 17. Rb1 Qxa3 18. Ra1 Bxf2+ 19. Bxf2 Qe7 20. Ne4 Nd5
21. Kh1 Ne5 22. Qg3 Nxd3 23. Qxd3 Rfc8 24. c4 Nb4 25. Qf3 Nc6 26. Rad1 Rd8 27.
Rde1 Rac8 28. Qh3 Qb4 29. Bh4 Rd4 30. Nf6+ Kf8 31. Rxe6 Qxc4 32. Ree1 Ne5 33.
Bf2 Rf4 34. Nd5 Re4 35. Qa3+ Rc5 36. Bxc5+ bxc5 37. Rd1 Rd4 38. Qxa7 Qxd5 39.
Qb8+ Ke7 40. Ra1 Rg4 41. Qc7+ Nd7 42. Rae1+ Re4 43. Rd1 Qe6 44. Rxd7+ Qxd7 45.
Rxf7+ Kxf7 46. Qxd7+ 1-0

[Event "ch-Africa 2025"]
[Site "Kerdasa EGY"]
[Date "2025.05.14"]
[Round "2.14"]
[White "Amdouni, Zoubaier"]
[Black "Donkeng Hussel"]
[Result "1-0"]
[WhiteTitle "FM"]
[WhiteElo "2226"]
[BlackElo "1910"]
[WhiteFideId "5500419"]
[BlackFideId "16401794"]
[EventDate "2025.05.13"]

1. e4 c5 2. Nc3 Nc6 3. Nf3 e6 4. d4 cxd4 5. Nxd4 Qc7 6. Be3 a6 7. Qf3 b5 8. Nxc6
Qxc6 9. Bd3 Bb7 10. Qg3 d6 11. O-O-O Nf6 12. f3 Rc8 13. Kb1 Nd7 14. Rhe1 Ne5 15.
f4 Nxd3 16. cxd3 b4 17. Ne2 Qc2+ 18. Ka1 d5 19. Nd4 Qa4 20. f5 b3 21. Nxb3 dxe4
22. dxe4 Qxe4 23. Bg5 Qxf5 24. Qc7 Bd6 25. Qxd6 Qxg5 26. Qd7+ Kf8 27. Qxb7 Re8
28. Nd4 g6 29. Nxe6+ Rxe6 30. Rxe6 fxe6 31. Qc7 Qe7 32. Rd8+ 1-0

[Event "ch-Africa 2025"]
[Site "Kerdasa EGY"]
[Date "2025.05.14"]
[Round "2.17"]
[White "Khalil, Ahmed Salem"]
[Black "Deme, Cheikh Sidy Mohamed"]
[Result "1-0"]
[WhiteTitle "CM"]
[WhiteElo "2102"]
[BlackElo "1998"]
[WhiteFideId "10616624"]
[BlackFideId "19900430"]
[EventDate "2025.05.13"]

1. Nf3 d5 2. c4 d4 3. b4 c5 4. e3 Bg4 5. Qa4+ Qd7 6. Qb3 Bxf3 7. gxf3 e5 8. bxc5
Na6 9. d3 Nxc5 10. Qc2 Rd8 11. e4 Ne6 12. Bh3 Bd6 13. Rg1 Kf8 14. a4 Ne7 15. Nd2
Ng6 16. Nf1 Ngf4 17. Bxf4 exf4 18. Rb1 Qe7 19. Bxe6 fxe6 20. Qb3 a5 21. Nd2 Bb4
22. Rg4 Qf6 23. Ke2 e5 24. Rbg1 Rg8 25. Rg5 g6 26. c5 Rg7 27. Nc4 Re8 28. Nd6
Qe6 29. Qd5 Ree7 30. Rc1 h6 31. Rgg1 Qxd5 32. exd5 b6 33. Nc8 Bxc5 34. Nxe7 Kxe7
35. Rg2 Kd7 36. h4 Ke7 37. Kd2 Kf6 38. Kc2 Kf5 39. Rcg1 g5 40. Kb3 Rg6 41. hxg5
hxg5 42. Rh2 Rd6 43. Kc4 Rd8 44. Rh6 Rc8 45. Kb5 Bb4 46. Kxb6 Rc3 47. Rh5 Be7
48. Rh7 Bd8+ 49. Kb7 Rxd3 50. Kc8 Bf6 51. Rc1 Rxf3 52. d6 e4 53. d7 Kg6 54. Rhh1
Kg7 55. Rc7 Rc3 56. d8=Q+ Kg6 57. Qg8+ Kf5 58. Qd5+ Be5 59. Qd7+ 1-0

[Event "ch-Africa 2025"]
[Site "Kerdasa EGY"]
[Date "2025.05.14"]
[Round "2.18"]
[White "Abdin, Mahmoud"]
[Black "Cogan, Nicolas"]
[Result "1-0"]
[BlackTitle "CM"]
[WhiteElo "1993"]
[BlackElo "2099"]
[WhiteFideId "10653376"]
[BlackFideId "679356"]
[EventDate "2025.05.13"]

1. Nf3 Nf6 2. g3 d5 3. Bg2 Bf5 4. c4 c6 5. Qb3 Qc8 6. cxd5 cxd5 7. Nc3 e6 8. O-O
Be7 9. d3 O-O 10. Bf4 Nc6 11. Rac1 Qd7 12. e4 Bg6 13. Rfe1 Rfd8 14. exd5 exd5
15. Ne5 Nxe5 16. Bxe5 Ng4 17. Nxd5 Bf8 18. Bf4 Rac8 19. h3 Rxc1 20. Rxc1 Nf6 21.
Nxf6+ gxf6 22. Rd1 Bc5 23. Qxb7 Qa4 24. Qb3 Qa5 25. d4 Bb6 26. Qc3 Qxa2 27. d5
Kg7 28. Bg5 Rd6 29. Bf4 Rd8 30. d6 h6 31. h4 Qa4 32. b3 Qa6 33. Qf3 Qb5 34. Rd5
Qb4 35. Bd2 Qa3 36. h5 Bh7 37. Qg4+ Kh8 38. Bxh6 Rg8 39. Qf3 Qa1+ 40. Kh2 Qb2
41. Bd2 Bd4 42. Rxd4 Qxd4 43. Bc3 Qxd6 44. Qxf6+ Qxf6 45. Bxf6+ Rg7 46. h6 1-0

[Event "ch-Africa 2025"]
[Site "Kerdasa EGY"]
[Date "2025.05.14"]
[Round "2.20"]
[White "Elnasri, Mohammed"]
[Black "Elhusseiny, Eyad"]
[Result "1-0"]
[WhiteTitle "CM"]
[BlackTitle "CM"]
[WhiteElo "1943"]
[BlackElo "2075"]
[WhiteFideId "12200883"]
[BlackFideId "10681523"]
[EventDate "2025.05.13"]

1. e4 c5 2. Nf3 Nc6 3. d4 cxd4 4. Nxd4 g6 5. c4 Nf6 6. Nc3 Nxd4 7. Qxd4 d6 8.
Be2 Bg7 9. O-O O-O 10. Qd3 Be6 11. Bd2 Rc8 12. b3 Nd7 13. Rad1 a6 14. Kh1 Qc7
15. f4 b5 16. cxb5 Bxc3 17. Rc1 Nc5 18. Qxc3 Qb6 19. Qd4 f6 20. bxa6 Qb8 21. b4
Nd7 22. a4 Bf7 23. a5 e5 24. fxe5 Nxe5 25. b5 Rfd8 26. a7 Qa8 27. Rxc8 Qxc8 28.
a6 d5 29. b6 dxe4 30. Qxd8+ Qxd8 31. b7 Qxd2 32. b8=Q+ Kg7 33. a8=Q Nd7 34. Qh8+
Kh6 35. Qxe4 Qg5 36. Qe7 Qd5 37. Qe3+ g5 38. Rxf6+ Nxf6 39. Qxf6+ Bg6 40. Qc6 1-0

[Event "ch-Africa 2025"]
[Site "Kerdasa EGY"]
[Date "2025.05.14"]
[Round "2.24"]
[White "Kimani, Kimingi"]
[Black "El, Hadji Saidou Nourou BA"]
[Result "1-0"]
[WhiteElo "1911"]
[BlackElo "2049"]
[WhiteFideId "10807012"]
[BlackFideId "19900511"]
[EventDate "2025.05.13"]

1. d4 Nf6 2. c4 c5 3. d5 b5 4. f3 e6 5. e4 bxc4 6. Nc3 exd5 7. Nxd5 Be7 8. Bxc4
Nc6 9. Ne2 Nxd5 10. Bxd5 Qb6 11. O-O O-O 12. Nc3 Ba6 13. Re1 Rad8 14. Na4 Qc7
15. Be3 d6 16. Bxc6 Qxc6 17. Nc3 Bc4 18. b3 Be6 19. Nd5 Bxd5 20. Qxd5 Qxd5 21.
exd5 Bf6 22. Rac1 Rfe8 23. Bf4 Bd4+ 24. Kf1 Rxe1+ 25. Rxe1 Kf8 26. Re4 f6 27.
Bg3 Kf7 28. Ke2 g5 29. Re6 Be5 30. Kd3 a5 31. Bxe5 dxe5 32. Kc4 a4 33. Kxc5 axb3
34. axb3 Rc8+ 35. Rc6 Re8 36. Rc7+ Kg6 37. d6 f5 38. d7 Rd8 39. Kd6 Kf7 40. Rc8 1-0

[Event "ch-Africa 2025"]
[Site "Kerdasa EGY"]
[Date "2025.05.14"]
[Round "3.1"]
[White "Fawzy, Adham"]
[Black "Ezat, Mohamed"]
[Result "1/2-1/2"]
[WhiteTitle "GM"]
[BlackTitle "IM"]
[WhiteElo "2513"]
[BlackElo "2296"]
[WhiteFideId "10613129"]
[BlackFideId "10600906"]
[EventDate "2025.05.13"]

1. d4 Nf6 2. c4 c5 3. d5 b5 4. cxb5 a6 5. b6 d6 6. Nc3 g6 7. Qb3 Bb7 8. a4 a5 9.
e4 Nbd7 10. Bb5 Bg7 11. Nf3 O-O 12. O-O Nxb6 13. Rd1 Ne8 14. Bf4 Nc7 15. e5 Nxb5
16. Nxb5 dxe5 17. Nxe5 Bxd5 18. Qe3 Qc8 19. Rac1 Qb7 20. Rc3 c4 21. Rxc4 Rac8
22. Rxc8 Rxc8 23. Qh3 Be6 24. Qd3 Nxa4 25. Qd8+ Rxd8 26. Rxd8+ Bf8 27. Bh6 Qc8
28. Rxc8 Bxc8 29. Bxf8 Kxf8 30. Nc4 Be6 31. Nba3 Ke8 32. Kf1 Kd7 33. Ke2 Bxc4+
34. Nxc4 Kc6 35. Nxa5+ Kb5 36. b4 Nc3+ 37. Kd3 Nd5 38. Kd4 Nxb4 39. Nb3 Kc6 40.
Nd2 Kd7 41. Ne4 h6 42. Kc4 Na6 43. Kd5 Nc7+ 44. Ke5 Ne6 45. h4 h5 46. f3 Ng7 47.
g4 Ke8 48. Ng3 f6+ 49. Ke4 Kf7 50. Kd5 Ke8 51. Ne2 e6+ 52. Ke4 Kf7 53. Ng3 e5
54. Kd5 Ne6 55. g5 Nf4+ 56. Kd6 Ng2 57. Ne4 Nxh4 58. Nxf6 Nxf3 59. Ne4 Kg7 60.
Ke6 h4 61. Kd6 h3 62. Nf2 h2 63. Kd5 Kf7 64. Ke4 Nxg5+ 65. Kxe5 Ke7 66. Nh1 Nh3
67. Ke4 Ke6 68. Kf3 Kf5 69. Kg2 Kg4 70. Kxh2 Nf4 71. Ng3 Kf3 72. Nf1 g5 73. Nd2+
Ke3 74. Nc4+ Kd4 75. Nd2 Ke3 76. Nc4+ 1/2-1/2

[Event "ch-Africa 2025"]
[Site "Kerdasa EGY"]
[Date "2025.05.14"]
[Round "3.2"]
[White "George Samir, David"]
[Black "Bellahcene, Bilel"]
[Result "1/2-1/2"]
[WhiteTitle "FM"]
[BlackTitle "GM"]
[WhiteElo "2346"]
[BlackElo "2504"]
[WhiteFideId "10657789"]
[BlackFideId "696358"]
[EventDate "2025.05.13"]

1. e4 c5 2. Nf3 d6 3. d4 cxd4 4. Nxd4 Nf6 5. Nc3 a6 6. Bg5 e6 7. f4 Be7 8. Qf3
Nbd7 9. O-O-O Qc7 10. g4 b5 11. Bxf6 Nxf6 12. g5 Nd7 13. f5 O-O 14. Rg1 b4 15.
Nce2 e5 16. f6 exd4 17. fxe7 Re8 18. e5 d3 19. Qxd3 Nxe5 20. Qxd6 Qxd6 21. Rxd6
Bb7 22. Rb6 Rxe7 23. Rxb4 Rd8 24. Bg2 Bxg2 25. Rxg2 Nf3 26. b3 Nxg5 27. Nd4 h6
28. h4 Re1+ 29. Kb2 Ne6 30. Nf5 Kh7 31. Rb7 Rf8 32. Ra7 Re5 33. Rf2 Nc5 34. b4
Ne4 35. Rf1 Rb8 36. a3 a5 37. c3 Nd2 38. Rf2 Ne4 39. Rf4 Nc5 40. Kc2 axb4 41.
axb4 Re2+ 42. Kd1 Rh2 43. Nd4 1/2-1/2

[Event "ch-Africa 2025"]
[Site "Kerdasa EGY"]
[Date "2025.05.14"]
[Round "3.3"]
[White "Simpson, Michael"]
[Black "Wafa, Hamed"]
[Result "1-0"]
[WhiteTitle "FM"]
[BlackTitle "IM"]
[WhiteElo "2108"]
[BlackElo "2367"]
[WhiteFideId "14338882"]
[BlackFideId "10628452"]
[EventDate "2025.05.13"]

1. e4 e5 2. Nf3 Nc6 3. Bb5 a6 4. Ba4 Nf6 5. O-O Nxe4 6. d4 Be7 7. Re1 b5 8. Rxe4
d5 9. Nxe5 Nxe5 10. Rxe5 bxa4 11. Qf3 Be6 12. Nc3 O-O 13. Re1 Qd7 14. b3 Bb4 15.
a3 Bg4 16. Qg3 Ba5 17. b4 Bb6 18. Nxd5 Bxd4 19. c3 Rfe8 20. Bf4 Qxd5 21. cxd4
Bf5 22. Bxc7 Qxd4 23. Be5 Qg4 24. Qxg4 Bxg4 25. f3 Be6 26. Bd6 Red8 27. Rad1 Bb3
28. Rd4 Rac8 29. Bc5 Rxd4 30. Bxd4 h5 31. Bc5 Rd8 32. Kf2 Bc4 33. Re4 Rd2+ 34.
Kg1 Bb5 35. h4 Ra2 36. Re3 f6 37. Rc3 Kf7 38. Be3 Ke6 39. Bf2 Rb2 40. g4 hxg4
41. fxg4 Rb3 42. Rxb3 axb3 43. Bd4 Kd5 44. Ba1 Ke4 45. Kf2 Kd3 46. h5 Kc2 47. g5
fxg5 48. Bxg7 b2 49. Bxb2 Kxb2 50. h6 Bd3 51. a4 1-0

[Event "ch-Africa 2025"]
[Site "Kerdasa EGY"]
[Date "2025.05.14"]
[Round "3.4"]
[White "Amin, Bassem"]
[Black "Sayed Hassan, Mohamed"]
[Result "1-0"]
[WhiteTitle "GM"]
[WhiteElo "2649"]
[BlackElo "2201"]
[WhiteFideId "10601457"]
[BlackFideId "10603468"]
[EventDate "2025.05.13"]

1. e4 d5 2. exd5 Nf6 3. c4 e6 4. dxe6 Nc6 5. Nf3 Bc5 6. exf7+ Kxf7 7. Be2 Re8 8.
O-O Bf5 9. b4 Bd4 10. Nc3 Nxb4 11. Qb3 c5 12. Nxd4 Qxd4 13. Ba3 Nc2 14. Rac1
Nxa3 15. Qxa3 Ne4 16. Nb5 Qd7 17. d3 Ng5 18. Qxc5 Rxe2 19. Nd4 b6 20. Qxf5+ Qxf5
21. Nxf5 Rd8 22. c5 bxc5 23. Rxc5 Ne6 24. Ra5 Rd7 25. Ne3 h6 26. Nc4 Kf6 27. g3
Rxd3 28. Rxa7 g5 29. a4 g4 30. Ne3 h5 31. Ra5 Ng5 32. Nd5+ Kg7 1-0

[Event "ch-Africa 2025"]
[Site "Kerdasa EGY"]
[Date "2025.05.14"]
[Round "3.5"]
[White "Boulrens, Ala Eddine"]
[Black "Adly, Ahmed"]
[Result "1-0"]
[BlackTitle "GM"]
[WhiteElo "2136"]
[BlackElo "2597"]
[WhiteFideId "7907559"]
[BlackFideId "10601619"]
[EventDate "2025.05.13"]

1. e4 c5 2. c3 e6 3. Nf3 Nc6 4. d4 d5 5. exd5 exd5 6. Bd3 Bg4 7. O-O Bd6 8. Re1+
Nge7 9. dxc5 Bxc5 10. Be3 Bxe3 11. Rxe3 h6 12. Nbd2 O-O 13. Qa4 Bd7 14. Rae1 Rc8
15. Nb3 Rc7 16. Qf4 Bc8 17. Nbd4 Rd7 18. Nf5 Nxf5 19. Bxf5 Qf6 20. Qg4 Rdd8 21.
Bxc8 Rxc8 22. Ne5 Rfd8 23. Nxc6 bxc6 24. Rf3 Qd6 25. Rg3 Qf8 26. h3 c5 27. Rd1
Rc7 28. Rgd3 Rcd7 29. b4 g6 30. a3 a5 31. Qf4 h5 32. Qd2 d4 33. bxc5 dxc3 34.
Qxc3 Rxd3 35. Rxd3 Rxd3 36. Qxd3 Qxc5 37. g3 a4 38. h4 Kg7 39. Qf3 Qc4 40. Qd1
Qe4 41. Qd6 Qe1+ 42. Kg2 Qc3 43. Qe7 Qc4 44. Kg1 Qc6 45. Kh2 Qf6 46. Qc5 Qb2 47.
Kg1 Qb1+ 48. Kh2 Qd1 49. Qe7 Qd5 50. Kg1 Qc6 51. Kh2 Qa8 52. Qd6 Kg8 53. Qb4 Qa7
54. Kg1 Qd7 55. Kh2 Kg7 56. Qc3+ Kg8 57. Qb4 Qa7 58. Kg1 Kg7 59. Qd6 Qa8 60.
Qe5+ Kg8 61. Qd4 Qc6 62. Kh2 Kf8 63. Qd8+ Qe8 64. Qf6 Qe4 65. Qd8+ Qe8 66. Qf6
Kg8 67. Qd4 Qc6 68. Qb4 Kg7 69. Qe7 Qc3 70. Kg1 Qf6 71. Qb4 Qa1+ 72. Kh2 Qd1 73.
Qe7 Qd4 74. Kg1 Qc3 75. Kh2 Qb2 76. Kg1 Qd4 77. Kg2 Qf6 78. Qc5 Qd8 79. Kh2 Kg8
80. Qb4 Qd7 81. Qc5 f6 82. Qb4 Kf7 83. Qc5 Ke6 84. Qc4+ Ke7 85. Qe4+ Kf7 86.
Qc4+ Kg7 87. Qc5 Qe8 88. Qc7+ Kf8 89. Qc5+ Qe7 90. Qc8+ Kg7 91. Qc3 Qd6 92. Qe3
Qc7 93. Qd4 Qc6 94. Qa7+ Kf8 95. Qb8+ Ke7 96. Qa7+ Kd8 97. Qb8+ Kd7 98. Qa7+ Kc8
99. Qe3 Qc2 100. Qe6+ Kc7 101. Qxf6 Kd7 102. Qd4+ Kc6 103. Qe3 Kb5 104. Kg2 Kc4
105. Qe6+ Kc3 106. Qc6+ Kb2 107. Qxc2+ Kxc2 108. f4 Kb3 109. g4 Kxa3 110. f5
gxf5 111. gxh5 1-0

[Event "ch-Africa 2025"]
[Site "Kerdasa EGY"]
[Date "2025.05.14"]
[Round "3.6"]
[White "Abdelnabbi, Imed"]
[Black "Fadi, Marko"]
[Result "0-1"]
[WhiteTitle "IM"]
[BlackTitle "FM"]
[WhiteElo "2385"]
[BlackElo "2244"]
[WhiteFideId "10600035"]
[BlackFideId "10605371"]
[EventDate "2025.05.13"]

1. d4 d5 2. Nf3 Nf6 3. c4 e6 4. cxd5 exd5 5. Bg5 Be7 6. Nc3 c6 7. Qc2 g6 8. e3
Bf5 9. Bd3 Bxd3 10. Qxd3 O-O 11. Bxf6 Bxf6 12. b4 b5 13. a4 Na6 14. axb5 Nxb4
15. Qd2 cxb5 16. Nxb5 a5 17. O-O Qd7 18. Nc3 Rfc8 19. Rfb1 Ra7 20. Ne2 Rca8 21.
Qd1 Be7 22. Ne5 Qe8 23. Qa4 Bd6 24. Nf3 Qxa4 25. Rxa4 Rc8 26. Ne1 Rc4 27. g3 Nd3
28. Ra2 Nxe1 29. Rxe1 a4 30. Rb1 Rac7 31. Rb8+ Kg7 32. Rd8 Be7 33. Rxd5 Rc2 34.
Rxc2 Rxc2 35. Nf4 a3 36. Ra5 a2 37. Kg2 Bb4 38. Ra7 Bc3 39. Ne6+ Kf6 40. Nd8 Kg7
41. Ne6+ Kf6 42. Nd8 g5 43. Rxf7+ Kg6 44. Ra7 a1=Q 45. Rxa1 Bxa1 46. g4 Bc3 47.
Nc6 Kf6 48. Ne5 Be1 49. Nd3 Ba5 50. Nc5 h6 51. h3 Bb4 52. Nd7+ Ke6 53. Ne5 Bd6
54. Nf3 Bb4 55. Ne5 Kd5 56. Kf3 Ra2 57. Nd3 Bd6 58. Nc1 Rc2 59. Nd3 Rd2 60. Ne1
Bb4 61. Kg2 Ke4 62. Nf3 Ra2 63. Kg3 Ra8 64. h4 Rf8 0-1

[Event "ch-Africa 2025"]
[Site "Kerdasa EGY"]
[Date "2025.05.14"]
[Round "3.7"]
[White "Kandil, Ahmed"]
[Black "Musonda Chola"]
[Result "1-0"]
[WhiteTitle "FM"]
[BlackTitle "FM"]
[WhiteElo "2289"]
[BlackElo "2127"]
[WhiteFideId "10628401"]
[BlackFideId "8706050"]
[EventDate "2025.05.13"]

1. e4 e5 2. Nf3 Nc6 3. Bb5 Nf6 4. d3 d6 5. O-O Bd7 6. c3 Be7 7. Nbd2 O-O 8. Re1
Re8 9. Nf1 h6 10. Ng3 Bf8 11. h3 a6 12. Ba4 b5 13. Bc2 Ne7 14. d4 Ng6 15. a4 c5
16. b3 Qc7 17. d5 bxa4 18. bxa4 Reb8 19. Bd3 Qa5 20. Qc2 Ra7 21. Nd2 Rab7 22.
Nc4 Qd8 23. a5 Nf4 24. Bf1 Bb5 25. Be3 Bxc4 26. Bxc4 Rb2 27. Qc1 Qc8 28. Bxf4
exf4 29. Qxf4 Nd7 30. Qg4 Qb7 31. Bxa6 Qa7 32. Bf1 Ne5 33. Qf4 Be7 34. Nf5 Bg5
35. Qg3 Ng6 36. h4 Bf4 37. Qg4 h5 38. Qxh5 Ne5 39. Qd1 Rd2 40. Qa4 c4 41. Nd4
Qe7 42. g3 Qf6 43. Re2 Rd3 44. gxf4 Qxf4 45. Bg2 Rxc3 46. Rc2 Nd3 47. a6 Rxc2
48. Qxc2 Rb2 49. Qxb2 Nxb2 50. a7 Nd3 51. a8=Q+ Kh7 52. Rf1 Qg4 53. Qa3 Qxh4 54.
Nf5 Qg4 55. Ng3 Qf4 56. Qc3 Ne5 57. Qe3 Qh4 58. Nf5 1-0